FORENSIC SCIENCE IN CRIMINAL INVESTIGATION AND TRIALS (Record no. 15769)

MARC details
000 -LEADER
fixed length control field 00364nam a22001577a 4500
003 - CONTROL NUMBER IDENTIFIER
control field SGT
020 ## - INTERNATIONAL STANDARD BOOK NUMBER
International Standard Book Number 9789350354681
082 ## - DEWEY DECIMAL CLASSIFICATION NUMBER
Item number SHA
100 ## - MAIN ENTRY--PERSONAL NAME
Personal name SHARMA B.R
245 ## - TITLE STATEMENT
Title FORENSIC SCIENCE IN CRIMINAL INVESTIGATION AND TRIALS
250 ## - EDITION STATEMENT
Edition statement 5TH
260 ## - PUBLICATION, DISTRIBUTION, ETC. (IMPRINT)
Name of publisher, distributor, etc UNIVERSAL LAW PUB.
Year of Publication 2016
300 ## - PAGE DESCRIPTION
No. of Pages 1732
650 ## - SUBJECT ADDED ENTRY--TOPICAL TERM
Topical term or geographic name as entry element PHYSICAL SCIENCE
942 ## - ADDED ENTRY ELEMENTS (KOHA)
Source of classification or shelving scheme Dewey Decimal Classification
Koha item type Books
942 ## - ADDED ENTRY ELEMENTS (KOHA)
-- 1
Holdings
Withdrawn status Lost status Source of classification or shelving scheme Damaged status Not for loan Collection code Home library Current library Shelving location Date acquired Cost, normal purchase price SGTU Bill Number Total Checkouts Full call number Accession No. (Barcode) Date last seen Date last borrowed Bill Date Koha item type
    Dewey Decimal Classification   Not For Loan SCIENCE SGT Science & Social Sciences Library SGT Science & Social Sciences Library Reference Book 04/08/2018 1750.00 SGTU 9842 3 SHA PS4471 11/02/2026 10/02/2026 04/08/2018 Books